Project management / (Record no. 17530)
[ view plain ]
| 000 -LEADER | |
|---|---|
| fixed length control field | 00658nam a2200229 a 4500 |
| 001 - CONTROL NUMBER | |
| control field | 17530 |
| 003 - CONTROL NUMBER IDENTIFIER | |
| rucl marc code | BD-RjUL |
| 005 - DATE AND TIME OF LATEST TRANSACTION | |
| control field | 20211209000145.0 |
| 008 - FIXED-LENGTH DATA ELEMENTS--GENERAL INFORMATION | |
| fixed length control field | 161211r20061988ii ||||| |||| 00| 0 eng d |
| 020 ## - INTERNATIONAL STANDARD BOOK NUMBER | |
| International Standard Book Number | 0074600680 |
| 035 ## - SYSTEM CONTROL NUMBER | |
| System control number | (BD-RjUL ) 17588 |
| 040 ## - CATALOGING SOURCE | |
| Original cataloging agency | BD-RjUL |
| Language of cataloging | eng |
| Transcribing agency | BD-RjUL |
| Modifying agency | BD-RjUL |
| 041 ## - LANGUAGE CODE | |
| Language code of text/sound track or separate title | eng |
| 082 ## - DEWEY DECIMAL CLASSIFICATION NUMBER | |
| Classification number | 658.404 |
| Author mark and year | CHP 2002 |
| Edition number | 23 |
| 100 ## - MAIN ENTRY--PERSONAL NAME | |
| Personal name | Choudhury , S |
| 9 (RLIN) | 54016 |
| 245 ## - TITLE STATEMENT | |
| Title | Project management / |
| Statement of responsibility, etc. | S. Choudhury |
| 260 ## - PUBLICATION, DISTRIBUTION, ETC. (IMPRINT) | |
| Place of publication, distribution, etc. | New Delhi : |
| Name of publisher, distributor, etc. | Tata McGraw-Hill, |
| Date of publication, distribution, etc. | c1988 [ reprint 1997, 2006 ] |
| 300 ## - PHYSICAL DESCRIPTION | |
| Pagination | xii, 244p : |
| Illustrations | ill ; |
| Size | 25 cm. |
| 504 ## - BIBLIOGRAPHY, ETC. NOTE | |
| Bibliography, etc | Includes index |
| 650 ## - SUBJECT ADDED ENTRY--TOPICAL TERM | |
| Topical term or geographic name as entry element | Project management. |
| 9 (RLIN) | 117612 |
| 942 ## - ADDED ENTRY ELEMENTS (KOHA) | |
| Source of classification or shelving scheme | Dewey Decimal Classification |
| Koha item type | Books |
| Lost status | Source of classification or shelving scheme | Damaged status | Not for loan | Collection code | Permanent Location | Current Location | Shelving location | Date acquired | Source of acquisition | Cost, normal purchase price | Total Checkouts | Full call number | Date last seen | Date checked out | Copy number | Koha item type |
|---|---|---|---|---|---|---|---|---|---|---|---|---|---|---|---|---|
| Dewey Decimal Classification | Non-fiction | Central Library, University of Rajshahi | Central Library, University of Rajshahi | 01/06/2008 | Dhaka Paragon Enterprises | 240.00 | 3 | 658.404 CHP 2002 | 24/03/2019 | 06/03/2019 | C-2 | Books | ||||
| Dewey Decimal Classification | Non-fiction | Central Library, University of Rajshahi | Central Library, University of Rajshahi | 24/06/1999 | Dhaka, Aligorh Library | 195.00 | 1 | 658.404 CHP 1997 | 03/11/2019 | 17/10/2019 | C-4 | Books | ||||
| Dewey Decimal Classification | Non-fiction | Central Library, University of Rajshahi | Central Library, University of Rajshahi | 24/06/1999 | Dhaka, Aligorh Library | 195.00 | 2 | 658.404 CHP1997 | 19/06/2022 | 02/06/2022 | C-3 | Books | ||||
| Dewey Decimal Classification | Not For Loan | Non-fiction | Central Library, University of Rajshahi | Central Library, University of Rajshahi | Reading Room | 24/06/1999 | Dhaka, Aligarh Library | 195.00 | 658.404 CHP 2002 | 25/01/2017 | C-1 | Books |